| 000 | 00434nam a2200169Ia 4500 | ||
|---|---|---|---|
| 003 | 0STCL | ||
| 008 | 150530s9999 xx 000 0 und d | ||
| 040 |
_aSTCL _cSTCL |
||
| 100 | _aSeshadri, S. | ||
| 245 | _aParliamentary control over finance a study at the public accounts committe of parliament | ||
| 250 | _aFirst | ||
| 260 |
_bAllied _c1975 |
||
| 546 | _aEnglish | ||
| 942 |
_2ddc _cBK |
||
| 999 |
_c9169 _d9169 |
||
| 005 | 20220125165522.0 | ||